000 00518nam a2200181Ia 4500
003 GCL
008 140319s9999 xx 000 0 ara d
040 _aGCL /
_cGCL
082 0 4 _a320.101
_bن م
100 1 _aناصيف نصار
245 1 0 _aمنطق السلطة : مدخل الى فلسفة الامر /
_cناصيف نصار
300 _a435
490 _a
650 0 4 _aالسلطة التنفيذية
650 0 4 _aالسلطات الثلاثة
650 0 4 _aالسلطة , فلسفة
942 _2ddc
_cBK
999 _c47822
_d47822